<?xml version="1.0" encoding="UTF-8"?>
<record
    xmlns:xsi="http://www.w3.org/2001/XMLSchema-instance"
    xsi:schemaLocation="http://www.loc.gov/MARC21/slim http://www.loc.gov/standards/marcxml/schema/MARC21slim.xsd"
    xmlns="http://www.loc.gov/MARC21/slim">

  <leader>01778ntm a2200265 a 4500</leader>
  <controlfield tag="001">76779</controlfield>
  <controlfield tag="003">BD-RjUL</controlfield>
  <controlfield tag="005">20211209082902.0</controlfield>
  <controlfield tag="008">200119s2008    bg a|||| bm|| 00| 0 ben d</controlfield>
  <datafield tag="035" ind1=" " ind2=" ">
    <subfield code="a">(BD-RjUL)77003</subfield>
  </datafield>
  <datafield tag="040" ind1=" " ind2=" ">
    <subfield code="a">BD-RjUL</subfield>
    <subfield code="b">ben/eng</subfield>
    <subfield code="c">BD-RjUL</subfield>
    <subfield code="d">BD-RjUL</subfield>
  </datafield>
  <datafield tag="041" ind1=" " ind2=" ">
    <subfield code="a">ben</subfield>
  </datafield>
  <datafield tag="082" ind1=" " ind2=" ">
    <subfield code="2">23</subfield>
    <subfield code="a">954.9205</subfield>
    <subfield code="b">HOB 2008</subfield>
  </datafield>
  <datafield tag="100" ind1="1" ind2=" ">
    <subfield code="a">&#x9B9;&#x9CB;&#x9A6;&#x9BE;, &#x9AE;&#x9CB;. &#x995;&#x9BE;&#x9AE;&#x9B0;&#x9C1;&#x9B2;</subfield>
    <subfield code="9">120921</subfield>
  </datafield>
  <datafield tag="245" ind1="1" ind2="0">
    <subfield code="a">&#x9AC;&#x9BE;&#x982;&#x9B2;&#x9BE;&#x9A6;&#x9C7;&#x9B6;&#x9C7;&#x9B0; &#x9AE;&#x9C1;&#x995;&#x9CD;&#x9A4;&#x9BF;&#x9AF;&#x9C1;&#x9A6;&#x9CD;&#x9A7;&#x9C7;&#x9B0; &#x987;&#x9A4;&#x9BF;&#x9B9;&#x9BE;&#x9B8;&#x9C7;&#x9B0; &#x989;&#x9AA;&#x9BE;&#x9A4;&#x9CD;&#x9A4; &#x9AC;&#x9BF;&#x9B6;&#x9CD;&#x9B2;&#x9C7;&#x9B7;&#x9A3;:</subfield>
    <subfield code="b">&#x9AC;&#x9BF;&#x9AD;&#x9BF;&#x9A8;&#x9CD;&#x9A8; &#x9AA;&#x9C7;&#x9B6;&#x9BE;&#x9B0; &#x9B2;&#x9C7;&#x996;&#x995;&#x9C7;&#x9B0; &#x9A8;&#x9BF;&#x9B0;&#x9CD;&#x9AC;&#x9BE;&#x99A;&#x9BF;&#x9A4; &#x9B0;&#x99A;&#x9A8;&#x9BE; /</subfield>
    <subfield code="c">&#x9AE;&#x9CB;. &#x995;&#x9BE;&#x9AE;&#x9B0;&#x9C1;&#x9B2; &#x9B9;&#x9CB;&#x9A6;&#x9BE;  ;</subfield>
    <subfield code="6">&#x997;&#x9AC;&#x9C7;&#x9B7;&#x9A3;&#x9BE; &#x9A4;&#x9A4;&#x9CD;&#x9A4;&#x9CD;&#x9AC;&#x9BE;&#x9AC;&#x9A7;&#x9BE;&#x9AF;&#x9BC;&#x995;: &#x9AE;&#x9CB;. &#x9AB;&#x9BE;&#x9AF;&#x9BC;&#x9C7;&#x995; &#x989;&#x99C;&#x9CD;&#x99C;&#x9BE;&#x9AE;&#x9BE;&#x9A8;</subfield>
  </datafield>
  <datafield tag="260" ind1=" " ind2=" ">
    <subfield code="a">&#x9B0;&#x9BE;&#x99C;&#x9B6;&#x9BE;&#x9B9;&#x9C0; :</subfield>
    <subfield code="b">&#x987;&#x9B8;&#x9B2;&#x9BE;&#x9AE;&#x9C7;&#x9B0; &#x987;&#x9A4;&#x9BF;&#x9B9;&#x9BE;&#x9B8; &#x993; &#x9B8;&#x982;&#x9B8;&#x9CD;&#x995;&#x9C3;&#x9A4;&#x9BF; &#x9AC;&#x9BF;&#x9AD;&#x9BE;&#x997;, &#x9B0;&#x9BE;&#x99C;&#x9B6;&#x9BE;&#x9B9;&#x9C0; &#x9AC;&#x9BF;&#x9B6;&#x9CD;&#x9AC;&#x9AC;&#x9BF;&#x9A6;&#x9CD;&#x9AF;&#x9BE;&#x9B2;&#x9AF;&#x9BC;,</subfield>
    <subfield code="c">&#x9E8;&#x9E6;&#x9E6;&#x9EE;</subfield>
  </datafield>
  <datafield tag="300" ind1=" " ind2=" ">
    <subfield code="a">xi, &#x9E8;&#x9EB;&#x9E9;, [&#x9EB;] &#x9AA;&#x9BE;&#x9A4;&#x9BE; :</subfield>
    <subfield code="b">&#x99A;&#x9BF;&#x9A4;&#x9CD;&#x9B0; ;</subfield>
    <subfield code="c">&#x9E9;&#x9E6; &#x9B8;&#x9C7;&#x9BF;.</subfield>
  </datafield>
  <datafield tag="502" ind1=" " ind2=" ">
    <subfield code="a">&#x9A5;&#x9BF;&#x9B8;&#x9BF;&#x9B8; (&#x98F;&#x9AE;. &#x9AB;&#x9BF;&#x9B2;.) -- &#x987;&#x9B8;&#x9B2;&#x9BE;&#x9AE;&#x9C7;&#x9B0; &#x987;&#x9A4;&#x9BF;&#x9B9;&#x9BE;&#x9B8; &#x993; &#x9B8;&#x982;&#x9B8;&#x9CD;&#x995;&#x9C3;&#x9A4;&#x9BF; &#x9AC;&#x9BF;&#x9AD;&#x9BE;&#x997;, &#x9B0;&#x9BE;&#x99C;&#x9B6;&#x9BE;&#x9B9;&#x9C0; &#x9AC;&#x9BF;&#x9B6;&#x9CD;&#x9AC;&#x9AC;&#x9BF;&#x9A6;&#x9CD;&#x9AF;&#x9BE;&#x9B2;&#x9AF;&#x9BC;, &#x9E8;&#x9E6;&#x9E6;&#x9EE;</subfield>
  </datafield>
  <datafield tag="504" ind1=" " ind2=" ">
    <subfield code="a">&#x997;&#x9CD;&#x9B0;&#x9A8;&#x9CD;&#x9A5;&#x9AA;&#x99E;&#x9CD;&#x99C;&#x9BF;: &#x9AA;&#x9BE;&#x9A4;&#x9BE; [&#x9E8;&#x9E7;&#x9EF;]-&#x9E8;&#x9EB;&#x9E9;</subfield>
  </datafield>
  <datafield tag="600" ind1=" " ind2=" ">
    <subfield code="d"> </subfield>
    <subfield code="9">244805</subfield>
  </datafield>
  <datafield tag="651" ind1=" " ind2=" ">
    <subfield code="a">&#x9AC;&#x9BE;&#x982;&#x9B2;&#x9BE;&#x9A6;&#x9C7;&#x9B6;</subfield>
    <subfield code="x">&#x987;&#x9A4;&#x9BF;&#x9B9;&#x9BE;&#x9B8; </subfield>
    <subfield code="x">&#x9AE;&#x9C1;&#x995;&#x9CD;&#x9A4;&#x9BF;&#x9AF;&#x9C1;&#x9A6;&#x9CD;&#x9A7;, &#x9E7;&#x9EF;&#x9ED;&#x9E7; </subfield>
    <subfield code="9">244806</subfield>
  </datafield>
  <datafield tag="651" ind1=" " ind2=" ">
    <subfield code="a">Bangladesh </subfield>
    <subfield code="x">History </subfield>
    <subfield code="x">Liberation War, 1971</subfield>
    <subfield code="9">244807</subfield>
  </datafield>
  <datafield tag="700" ind1=" " ind2=" ">
    <subfield code="a">&#x989;&#x99C;&#x9CD;&#x99C;&#x9BE;&#x9AE;&#x9BE;&#x9A8;, &#x9AE;&#x9CB;. &#x9AB;&#x9BE;&#x9AF;&#x9BC;&#x9C7;&#x995;, &#x997;&#x9AC;&#x9C7;&#x9B7;&#x9A3;&#x9BE; &#x9A4;&#x9A4;&#x9CD;&#x9A4;&#x9CD;&#x9AC;&#x9BE;&#x9AC;&#x9A7;&#x9BE;&#x9AF;&#x9BC;&#x995;</subfield>
    <subfield code="9">237879</subfield>
  </datafield>
  <datafield tag="942" ind1=" " ind2=" ">
    <subfield code="2">ddc</subfield>
    <subfield code="c">THE</subfield>
  </datafield>
  <datafield tag="999" ind1=" " ind2=" ">
    <subfield code="c">76779</subfield>
    <subfield code="d">76779</subfield>
  </datafield>
  <datafield tag="952" ind1=" " ind2=" ">
    <subfield code="0">0</subfield>
    <subfield code="1">0</subfield>
    <subfield code="2">ddc</subfield>
    <subfield code="4">0</subfield>
    <subfield code="7">1</subfield>
    <subfield code="8">THESES</subfield>
    <subfield code="a">RUCL</subfield>
    <subfield code="b">RUCL</subfield>
    <subfield code="c">Doc/The</subfield>
    <subfield code="d">2010-06-08</subfield>
    <subfield code="e">Controller of Examination Office, R. U.</subfield>
    <subfield code="l">0</subfield>
    <subfield code="o">BTHE 954.9205 HOB 2008</subfield>
    <subfield code="r">2020-01-19 00:00:00</subfield>
    <subfield code="t">C-1</subfield>
    <subfield code="w">2020-01-19</subfield>
    <subfield code="y">THE</subfield>
  </datafield>
</record>
